<?xml version="1.0" encoding="UTF-8"?>
<marc:record xmlns:marc="http://www.loc.gov/MARC21/slim">
   <marc:leader>00000nam a2200000 a 4500</marc:leader>
   <marc:datafield ind1="1" ind2=" " tag="100">
      <marc:subfield code="a">Draxler, Tanja</marc:subfield>
      <marc:subfield code="4">aut</marc:subfield>
      <marc:subfield code="e">Verfasser/-in</marc:subfield>
   </marc:datafield>
   <marc:datafield ind1=" " ind2=" " tag="653">
      <marc:subfield code="a">Kinderpfleger*innen</marc:subfield>
   </marc:datafield>
   <marc:datafield ind1=" " ind2=" " tag="653">
      <marc:subfield code="a">Sozialpädagog*innen</marc:subfield>
   </marc:datafield>
   <marc:datafield ind1=" " ind2=" " tag="653">
      <marc:subfield code="a">achtsamkeitsübung</marc:subfield>
   </marc:datafield>
   <marc:datafield ind1=" " ind2=" " tag="653">
      <marc:subfield code="a">selbstfürsorge</marc:subfield>
   </marc:datafield>
   <marc:datafield ind1=" " ind2=" " tag="653">
      <marc:subfield code="a">selbstmanagement</marc:subfield>
   </marc:datafield>
   <marc:datafield ind1=" " ind2=" " tag="653">
      <marc:subfield code="a">elternarbeit kita</marc:subfield>
   </marc:datafield>
   <marc:datafield ind1=" " ind2=" " tag="653">
      <marc:subfield code="a">bildkarten</marc:subfield>
   </marc:datafield>
   <marc:datafield ind1=" " ind2=" " tag="653">
      <marc:subfield code="a">innere zufriedenheit</marc:subfield>
   </marc:datafield>
   <marc:datafield ind1=" " ind2=" " tag="653">
      <marc:subfield code="a">selbstmanagement methoden</marc:subfield>
   </marc:datafield>
   <marc:datafield ind1=" " ind2=" " tag="653">
      <marc:subfield code="a">achtsamkeitstraining übungen</marc:subfield>
   </marc:datafield>
   <marc:datafield ind1=" " ind2=" " tag="653">
      <marc:subfield code="a">impulskarten</marc:subfield>
   </marc:datafield>
   <marc:datafield ind1=" " ind2=" " tag="653">
      <marc:subfield code="a">psychischer stress abbauen</marc:subfield>
   </marc:datafield>
   <marc:datafield ind1=" " ind2=" " tag="653">
      <marc:subfield code="a">gelassenheit üben</marc:subfield>
   </marc:datafield>
   <marc:datafield ind1=" " ind2=" " tag="653">
      <marc:subfield code="a">schatzkarten für erzieherinnen</marc:subfield>
   </marc:datafield>
   <marc:datafield ind1=" " ind2=" " tag="653">
      <marc:subfield code="a">stressbewältigung übungen</marc:subfield>
   </marc:datafield>
   <marc:datafield ind1=" " ind2=" " tag="653">
      <marc:subfield code="a">innere anspannung lösen</marc:subfield>
   </marc:datafield>
   <marc:datafield ind1=" " ind2=" " tag="653">
      <marc:subfield code="a">beruhigungsübungen</marc:subfield>
   </marc:datafield>
   <marc:datafield ind1=" " ind2=" " tag="653">
      <marc:subfield code="a">PBS / Pädagogik/Kindergarten- und Vorschulpädagogik</marc:subfield>
   </marc:datafield>
   <marc:datafield ind1="0" ind2="0" tag="245">
      <marc:subfield code="a">30 Achtsamkeits-Karten</marc:subfield>
   </marc:datafield>
   <marc:datafield ind1="0" ind2="0" tag="245">
      <marc:subfield code="b">für innere Ruhe, Gelassenheit und Präsenz : für Kita-Teams</marc:subfield>
   </marc:datafield>
   <marc:datafield ind1="0" ind2="0" tag="245">
      <marc:subfield code="c">Tanja Draxler</marc:subfield>
   </marc:datafield>
   <marc:datafield ind1=" " ind2="1" tag="264">
      <marc:subfield code="a">München</marc:subfield>
      <marc:subfield code="b">Don Bosco</marc:subfield>
   </marc:datafield>
   <marc:datafield ind1="1" ind2=" " tag="520">
      <marc:subfield code="a">Angaben aus der Verlagsmeldung

30 Achtsamkeits-Karten für innere Ruhe, Gelassenheit und Präsenz : Für Kita-Teams. Bewusst zu mehr Selbstfürsorge und besserer Stressbewältigung. Auch für Seminare &amp; Fortbildungen. / von Tanja Draxler

Gelassen bleiben und Kraft schöpfen: Bildkarten mit Achtsamkeitsübungen

Bewusst wahrnehmen, innehalten und sich auf das Hier und jetzt besinnen: Durch Achtsamkeit gelingt es Ihnen, sich selbst besser kennenzulernen, präsent zu sein und auch bei Stress Ihre eigenen Bedürfnisse im Blick zu behalten. Tanja Draxler hat auf 30 Bildkarten wertvolle Impulse für Achtsamkeitsübungen zusammengestellt. Auf der Vorderseite befindet sich jeweils ein Wort mit einer passenden Illustration, auf der Rückseite finden Sie die Übung mit einer zusätzlichen Erklärung. Ihr Achtsamkeits-Konzept ist praxiserprobt, schafft Mini-Pausen im Alltag und hilft, gelassener durch den Tag zu kommen!

30 Achtsamkeitsimpulse mit Ideen zur Umsetzung

Geeignet für Erzieher:innen und Kita-Teams, für Workshops und Seminare

Alle Übungen sind sofort und in nur einer Minute durchführbar

Erinnerungsanker: Karten gut sichtbar aufstellen – für kurze Atempausen im Alltag

Auch als Impulsgeber beim Elternabend geeignet

Passend dazu: „Mein Achtsamkeist-Journal“, das kreative Notiz- und Eintragbuch

Mach mal Pause: mit kurzen Übungen die innere Zufriedenheit fördern

Bewusst gehen und atmen, sich auf das Jetzt konzentrieren, einfach nur lauschen: Es braucht nicht viel, um mit Achtsamkeitstraining zu innerer Ruhe zu gelangen. Kleine Pausen lassen sich ganz nach Bedarf in den Tagesablauf integrieren. Sie helfen Ihnen schnell, Kraft zu schöpfen, und Selbstfürsorge in Denken und Handeln zu praktizieren.Ein Karten-Set wie eine Schatzkarte für Erzieher:innen: So finden Sie den Weg zu mehr Zufriedenheit und Gelassenheit im beruflichen Alltag!
</marc:subfield>
   </marc:datafield>
   <marc:datafield ind1=" " ind2=" " tag="041">
      <marc:subfield code="a">ger</marc:subfield>
   </marc:datafield>
   <marc:datafield ind1=" " ind2=" " tag="300">
      <marc:subfield code="a">64 ungezählte Seiten</marc:subfield>
   </marc:datafield>
</marc:record>
